Russian Revolution - Statistics

General Stats
  • This quiz has been taken 514 times
    433 since last reset
  • The average score is 13 of 15
Answer Stats
Question Answer % Correct
The shortage of what goods in the winter of 1916/17 triggered the events leading to the overthrow of the monarchy? Bread
97%
Who ruled Russia before the Russian Revolution? Tsar
97%
The revolution started when working class people of Russia revolted against whom? Nicholas II
96%
When did The Russian Revolution begin? 1917
95%
Who was the main leader of the Russian Revolution? Vladimir Lenin
94%
What was the name of the new country formed after the Russian Revolution? Soviet Union
92%
The Bolshevik Revolution is sometimes referred to as what? The October Revolution
91%
After the Revolution, Russia experienced civil war between the Bolsheviks (Red Army) and the anti-Bolsheviks. How were they called? White Army
89%
What type of government ruled Russia after the Russian Revolution? Communist
87%
How did Tsar Nicholas II die? Execution
87%
What is the name of Russian assembly with advisory or legislative functions first formally constituted in 1905? Duma
85%
In which city the first of two revolutions erupted? Petrograd
82%
What major event took place in the capital-city in 1905 when peasants were killed while marching on the palace? Bloody Sunday
80%
Which treaty ended Russia's participation in World War I? Treaty of Brest-Litovsk
77%
When did Vladimir Lenin die? 1924
75%
No matching quizzes found
Score Distribution
Percent of People with Each Score
Percentile by Number Answered
Your Score History
You have not taken this quiz since the last reset